| 000 | 00294nam a2200133 i 4500 | ||
|---|---|---|---|
| 001 | bg | ||
| 100 | 1 | _aSALLI, I. V. | |
| 245 | 0 |
_aKristallizacja splavov / _cI.V. Salli. |
|
| 260 |
_aKiev, _c1974. |
||
| 040 | _cBPK | ||
| 041 | _apol | ||
| 942 | _cKS | ||
| 008 | s pl f |000 0 pol | ||
| 999 |
_c16018 _d16018 |
||
| 856 |
_uhttp://koha.tu.koszalin.pl/cgi-bin/koha/opac-detail.pl?biblionumber=16018 _yKatalog online BPK |
||